000 00404nab a2200133Ia 4500
003 ES-SlBCS
005 20210601125251.0
008 140529s1987 xxu||||| |||| 00| 0 eng d
041 _aeng
100 1 _aShalkowski, Scott A.
_9132847
245 0 0 _aCorrespondence Revisited
_c Scott A. Shalkowski
773 0 _tPhilosophy and Phenomenological Research
_gvol. 48, 1987, págs. 481-484
_wRev1411
942 _cAR
999 _c527537
_d527537